MARC

LEADER 00000nam0a2200000 4500
001 274810
005 20231101234750.0
035 |a (RuTPU)RU\TPU\book\298039 
090 |a 274810 
100 |a 20141110d1985 km y0rusy50 ca 
101 0 |a rus 
102 |a RU 
105 |a a z 001zy 
200 1 |a Фазовые портреты управляемых динамических систем  |f А. Г. Бутковский 
210 |a Москва  |c Наука  |d 1985 
215 |a 136 с.  |c ил. 
225 1 |a Теоретические основы технической кибернетики 
320 |a Библиогр.: с. 132-136 
606 1 |a Динамические системы  |x Математические исследования  |2 stltpush  |3 (RuTPU)RU\TPU\subj\9530  |9 36760 
610 1 |a дифференциальные включения 
610 1 |a многообразия 
610 1 |a управляемость 
610 1 |a финитное управление 
610 1 |a оптимальное управление 
610 1 |a фазовые портреты 
675 |a 681.51.033:51  |v 3 
700 1 |a Бутковский  |b А. Г.  |g Анатолий Григорьевич 
801 1 |a RU  |b 63413507  |c 20141110 
801 2 |a RU  |b 63413507  |c 20170328  |g RCR 
942 |c BK